<?xml version="1.0" encoding="UTF-8"?>
<record
    xmlns:xsi="http://www.w3.org/2001/XMLSchema-instance"
    xsi:schemaLocation="http://www.loc.gov/MARC21/slim http://www.loc.gov/standards/marcxml/schema/MARC21slim.xsd"
    xmlns="http://www.loc.gov/MARC21/slim">

  <leader>00983nam a22002657a 4500</leader>
  <datafield tag="952" ind1=" " ind2=" ">
    <subfield code="a">0002</subfield>
    <subfield code="b">0002</subfield>
    <subfield code="d">2019-03-22</subfield>
    <subfield code="l">0</subfield>
    <subfield code="o">322.4209561 P36s 2012</subfield>
    <subfield code="p">P00424</subfield>
    <subfield code="r">2019-03-22 00:00:00</subfield>
    <subfield code="w">2019-03-22</subfield>
    <subfield code="y">BKS</subfield>
  </datafield>
  <datafield tag="999" ind1=" " ind2=" ">
    <subfield code="c">13024</subfield>
    <subfield code="d">13024</subfield>
  </datafield>
  <controlfield tag="003">MIRAKIL</controlfield>
  <controlfield tag="005">20190322174210.0</controlfield>
  <controlfield tag="008">190205b        tu ||||| |||| 00| 0 tur d</controlfield>
  <datafield tag="020" ind1=" " ind2=" ">
    <subfield code="a">9789753436281</subfield>
  </datafield>
  <datafield tag="040" ind1=" " ind2=" ">
    <subfield code="a">TR-AnCHP</subfield>
    <subfield code="c">TR-AnCHP</subfield>
  </datafield>
  <datafield tag="041" ind1=" " ind2=" ">
    <subfield code="a">tur</subfield>
  </datafield>
  <datafield tag="082" ind1=" " ind2=" ">
    <subfield code="a">322.4209561</subfield>
    <subfield code="b">P36s 2012</subfield>
  </datafield>
  <datafield tag="100" ind1=" " ind2=" ">
    <subfield code="a">Perin&#xE7;ek, Mehmet</subfield>
    <subfield code="d">1978-</subfield>
  </datafield>
  <datafield tag="245" ind1=" " ind2=" ">
    <subfield code="a">Sovyet Devlet Kaynaklar&#x131;nda K&#xFC;rt &#x130;syanlar&#x131;:</subfield>
    <subfield code="b">(ba&#x11F;&#x131;ms&#x131;zl&#x131;k, &#xF6;zerklik, anadilde e&#x11F;itim, toprak devrimi) /</subfield>
    <subfield code="c">Mehmet Perin&#xE7;ek.</subfield>
  </datafield>
  <datafield tag="260" ind1=" " ind2=" ">
    <subfield code="a">&#x130;stanbul:</subfield>
    <subfield code="b">Kaynak Yay&#x131;nlar&#x131;,</subfield>
    <subfield code="c">2012.</subfield>
  </datafield>
  <datafield tag="300" ind1=" " ind2=" ">
    <subfield code="a">551 s.:</subfield>
    <subfield code="b">res.;</subfield>
    <subfield code="c">20 sm.</subfield>
  </datafield>
  <datafield tag="490" ind1="0" ind2=" ">
    <subfield code="a">Kaynak yay&#x131;nlar&#x131;;</subfield>
    <subfield code="v">609.</subfield>
  </datafield>
  <datafield tag="504" ind1=" " ind2=" ">
    <subfield code="a">Kaynak&#xE7;a ve dizin vard&#x131;r.</subfield>
  </datafield>
  <datafield tag="650" ind1=" " ind2="0">
    <subfield code="9">5116</subfield>
    <subfield code="a">K&#xFC;rtler</subfield>
    <subfield code="x">Tarih</subfield>
    <subfield code="z">T&#xFC;rkiye</subfield>
  </datafield>
  <datafield tag="650" ind1=" " ind2="0">
    <subfield code="9">643</subfield>
    <subfield code="a">k&#xFC;rtler</subfield>
    <subfield code="x">Ayaklanmalar </subfield>
    <subfield code="y">Tarih</subfield>
    <subfield code="z">T&#xFC;rkiye</subfield>
  </datafield>
  <datafield tag="650" ind1=" " ind2="0">
    <subfield code="9">918</subfield>
    <subfield code="a">T&#xFC;rkiye</subfield>
    <subfield code="x">Ayaklanma ve isyan</subfield>
    <subfield code="x">Sovyet Ar&#x15F;iv kaynaklar&#x131;</subfield>
  </datafield>
  <datafield tag="856" ind1=" " ind2=" ">
    <subfield code="z">Dijital N&#xFC;shas&#x131; i&#xE7;in Partimizin K&#xFC;t&#xFC;phane Sorumlusu ile ileti&#x15F;ime ge&#xE7;iniz.</subfield>
  </datafield>
  <datafield tag="942" ind1=" " ind2=" ">
    <subfield code="2">ddc</subfield>
    <subfield code="c">BKS</subfield>
  </datafield>
  <datafield tag="999" ind1=" " ind2=" ">
    <subfield code="d">12667</subfield>
  </datafield>
</record>
